000
00289nam a22001337a 4500
008
170904b xxu||||| |||| 00| 0 eng d
020
_a
0201162071
041
_a
eng
080
_a
070
100
_a
40
101
_a
MED
245
_a
MEDIA IMAGES & ISSUES
_c
CARPENTER,D
942
_2
udc
_c
BK
999
_c
26028
_d
26028